Eating the Alphabet : (Record no. 290316)
[ view plain ]
| 000 -LEADER | |
|---|---|
| fixed length control field | 00591nam a2200193Ia 4500 |
| 008 - FIXED-LENGTH DATA ELEMENTS--GENERAL INFORMATION | |
| fixed length control field | 160114s9999 xx 000 0 und d |
| 020 ## - INTERNATIONAL STANDARD BOOK NUMBER | |
| International Standard Book Number | 0-152056882 |
| 050 ## - LIBRARY OF CONGRESS CALL NUMBER | |
| Classification number | 745.6 |
| 050 ## - LIBRARY OF CONGRESS CALL NUMBER | |
| Item number | .E33e 1980 |
| 100 ## - MAIN ENTRY--PERSONAL NAME | |
| Personal name | Ehlert, Lois |
| 245 ## - TITLE STATEMENT | |
| Title | Eating the Alphabet : |
| Remainder of title | fruits and vegetables from A to Z / |
| Statement of responsibility, etc | Lois Ehlert. |
| 260 ## - PUBLICATION, DISTRIBUTION, ETC. (IMPRINT) | |
| Place of publication, distribution, etc | Malaysia : |
| Name of publisher, distributor, etc | Red Wagon Books Harcourt, Inc. |
| Date of publication, distribution, etc | 1980 |
| 650 ## - SUBJECT ADDED ENTRY--TOPICAL TERM | |
| Topical term or geographic name as entry element | English language -- Alphabet -- |
| 650 ## - SUBJECT ADDED ENTRY--TOPICAL TERM | |
| Topical term or geographic name as entry element | Fruit -- |
| 650 ## - SUBJECT ADDED ENTRY--TOPICAL TERM | |
| Topical term or geographic name as entry element | Moncure, Jane Belk. -- |
| 650 ## - SUBJECT ADDED ENTRY--TOPICAL TERM | |
| General subdivision | Alphabet books. |
| 650 ## - SUBJECT ADDED ENTRY--TOPICAL TERM | |
| General subdivision | Juvenile literature. |
| 650 ## - SUBJECT ADDED ENTRY--TOPICAL TERM | |
| General subdivision | Juvenile literature. |
| Withdrawn status | Lost status | Damaged status | Home library | Current library | Shelving location | Date acquired | Total Checkouts | Full call number | Date last seen | Price effective from | Koha item type |
|---|---|---|---|---|---|---|---|---|---|---|---|
| Stonyhurst Southville International School (Batangas) | Stonyhurst Southville International School (Batangas) | Grade School Section | 01/14/2016 | 745.6 .E33e 1980 | 01/14/2016 | 01/14/2016 | Books |